[Event "Challenge"]
[Site "http://www.queenalice.com/game.php?id=174125"]
[Date "2007.2.26"]
[Round "-"]
[White "alexcamargo"]
[Black "QueenMary23"]
[Result "1-0"]
[WhiteElo "1223"]
[BlackElo "1390"]

1. e4 d5 2. Nc3 c6 3. Nf3 Nf6 4. d4 dxe4 5. Ne5 e6 6. Bf4 Nbd7 7. a3 Qa5 8. g3
Bd6 9. Bg2 c5 10. b4 cxb4 11. axb4 Qxb4 12. Bd2 Qxd4 13. Nxd7 Bxd7 14. O-O h5
15. Re1 Ng4 16. Re2 h4 17. Bh3 e5 18. Be3 Qxc3 19. Rb1 hxg3 20. fxg3 Nxe3 21.
Bxd7+ Kxd7 22. Rxb7+ Kc6 23. Qb1 Bc5 24. Qb5+ Kd6 25. Qd7# 1-0

[Event "Challenge"]
[Site "http://www.queenalice.com/game.php?id=174753"]
[Date "2007.2.27"]
[Round "-"]
[White "QueenMary23"]
[Black "markp"]
[Result "0-1"]
[WhiteElo "1390"]
[BlackElo "1439"]

1. c4 Nc6 2. d4 e5 3. d5 Nd4 4. Nc3 c6 5. Nf3 Nxf3+ 6. exf3 Nf6 7. Qe2 cxd5 8.
cxd5 Bb4 9. a3 Bxc3+ 10. bxc3 Qc7 11. c4 b5 12. Qe4 Nxe4 13. fxe4 bxc4 14. h4 d6
15. h5 c3 16. Bb5+ Bd7 17. a4 c2 18. g4 Bxb5 19. axb5 Qc3+ 20. Ke2 Qxa1 21. Kd2
Rc8 22. g5 Qc3+ 23. Ke2 Rc4 24. Re1 Rxe4+ 25. Kf1 Qxe1+ 26. Kg2 Rg4+ 27. Kh3 Qg1
28. Bf4 Qg2# 0-1

[Event "Challenge"]
[Site "http://www.queenalice.com/game.php?id=174924"]
[Date "2007.2.27"]
[Round "-"]
[White "MJ"]
[Black "QueenMary23"]
[Result "0-1"]
[WhiteElo "1182"]
[BlackElo "1424"]

1. e4 c5 2. Bb5 Nf6 3. f3 a6 4. Ba4 b5 5. Bb3 c4 6. e5 Nd5 7. Nc3 Nxc3 8. bxc3
cxb3 9. cxb3 Nc6 10. d4 e6 11. g3 h5 12. a3 d6 13. f4 dxe5 14. Bd2 e4 15. Nh3 f6
16. a4 e5 17. fxe5 fxe5 18. Bg5 Be7 19. Qd2 exd4 20. cxd4 Bxh3 21. Rc1 Bxg5 22.
Qc2 Rc8 23. Qc5 Nxd4 24. Qe5+ Ne6 25. Rd1 Bf6 26. Qxe4 Bc3+ 27. Ke2 Qf6 28. Ke3
O-O 29. Rd6 Qf2+ 30. Kd3 Qd2# 0-1

[Event "Challenge"]
[Site "http://www.queenalice.com/game.php?id=179083"]
[Date "2007.3.9"]
[Round "-"]
[White "Moondawg"]
[Black "QueenMary23"]
[Result "0-1"]
[WhiteElo "1669"]
[BlackElo "1467"]

1. e4 c5 2. Nf3 b5 3. Bxb5 a6 4. Bc4 Nc6 5. Ng5 Ne5 6. Qe2 Nf6 7. O-O h6 8. Nf3
Neg4 9. h3 d5 10. exd5 Qc7 11. hxg4 Bxg4 12. Qe3 Bxf3 13. Qxf3 g5 14. d6 Qd8 15.
dxe7 Bxe7 16. Re1 O-O 17. b3 Qd4 18. c3 Qh4 19. Rxe7 g4 20. Qb7 Qh5 21. Bxa6 Nd5
22. Re1 Rab8 23. Qc6 Rb6 24. Qa4 Ra8 25. Re8+ Rxe8 26. Qxe8+ Kg7 27. Be2 Re6 28.
Bxg4 Qxg4 29. Qc6 Re1+ 30. Kh2 Qh4# 0-1

[Event "Challenge"]
[Site "http://www.queenalice.com/game.php?id=179342"]
[Date "2007.3.10"]
[Round "-"]
[White "luizachess"]
[Black "QueenMary23"]
[Result "0-1"]
[WhiteElo "1199"]
[BlackElo "1430"]

1. d4 g6 2. d5 c6 3. c4 e6 4. dxe6 dxe6 5. Qc2 Bb4+ 6. Bd2 Bxd2+ 7. Qxd2 Nd7 8.
Qd4 Qa5+ 9. Nd2 c5 10. Qxh8 Kf8 11. h4 Nf6 12. g4 h6 13. Rh3 Qd8 14. Rf3 Qd4 15.
g5 Qxb2 16. Rd1 hxg5 17. hxg5 Qd4 18. Rh3 Ng4 19. Qh7 Qxf2# 0-1

[Event "Challenge"]
[Site "http://www.queenalice.com/game.php?id=179351"]
[Date "2007.3.10"]
[Round "-"]
[White "SmartPatzer"]
[Black "QueenMary23"]
[Result "1-0"]
[WhiteElo "1613"]
[BlackElo "1478"]

1. e4 c5 2. Nc3 Nc6 3. g3 a6 4. Bg2 d6 5. f4 b5 6. Nf3 Nf6 7. O-O b4 8. Ne2 Nxe4
9. d3 Nf6 10. Ng5 Bb7 11. f5 Qb6 12. Be3 Ng4 13. Bf2 f6 14. Ne6 Nce5 15. d4 Nf3+
16. Bxf3 Bxf3 17. Qd3 Qc6 18. Nc7+ Kd7 19. Nxa8 Qxa8 20. dxc5 Bh1 21. Nf4 Be4
22. Qe2 g5 23. Ne6 Bh1 24. Bd4 Qd5 25. Rad1 Ne5 26. Bxe5 Qxe5 27. Qxe5 fxe5 28.
Kxh1 Bh6 29. cxd6 exd6 30. Nc5+ Kc6 31. Nxa6 e4 32. Nxb4+ Kc5 33. Nd5 Rb8 34. b3
g4 35. Nf6 e3 36. Nd7+ Kb4 37. Nxb8 e2 38. Rde1 exf1=Q+ 39. Rxf1 Kc3 40. f6 Kxc2
41. f7 Kb2 42. f8=Q Bxf8 43. Rxf8 d5 44. Rd8 Kxa2 45. Rxd5 Kxb3 46. Rg5 Kc2 47.
Rxg4 Kd2 48. Rh4 Ke2 49. Kg2 h5 50. Rxh5 Ke3 51. Rh4 Ke2 52. g4 Ke1 53. g5 Kd1
54. g6 Kd2 55. g7 Kc2 56. g8=Q Kc3 57. Qc4+ Kd2 58. Rd4+ Ke3 59. Qd3# 1-0

[Event "Challenge"]
[Site "http://www.queenalice.com/game.php?id=179752"]
[Date "2007.3.10"]
[Round "-"]
[White "QueenMary23"]
[Black "Tlaloc2k"]
[Result "1-0"]
[WhiteElo "1426"]
[BlackElo "1574"]

1. c4 e5 2. d4 Qe7 3. d5 d6 4. Nc3 Bg4 5. h3 Bd7 6. h4 Bf5 7. e4 Bg6 8. h5 Bxe4
9. Nxe4 Qd7 10. Bd2 f5 11. Ng5 h6 12. Ne6 f4 13. Ba5 b6 14. Nxf8 Kxf8 15. Bd2
Nf6 16. f3 Qe7 17. Bd3 Nbd7 18. b4 a5 19. b5 e4 20. Be2 e3 21. Bc3 Qf7 22. Nh3
Qxh5 23. Nf2 Qg5 24. Bxf6 Qxg2 25. Rf1 Nxf6 26. Qd4 exf2+ 27. Rxf2 Qg1+ 28. Bf1
Re8+ 29. Kd1 Re2 30. Kxe2 Qg5 31. Rg2 Qf5 32. Rc1 h5 33. Kd2 Kf7 34. Re1 h4 35.
Rge2 h3 36. Re6 h2 37. Re7+ Kg6 38. Bd3 h1=Q 39. Rxh1 Rxh1 40. Bxf5+ Kxf5 41.
Rf7 Rh2+ 42. Kd3 Rh6 43. Rxg7 a4 44. Qg1 Nh5 45. Qg5# 1-0

[Event "Challenge"]
[Site "http://www.queenalice.com/game.php?id=179753"]
[Date "2007.3.10"]
[Round "-"]
[White "Tlaloc2k"]
[Black "QueenMary23"]
[Result "1-0"]
[WhiteElo "1502"]
[BlackElo "1437"]

1. e4 e5 2. Nc3 Nc6 3. Nf3 d6 4. h3 Nf6 5. Bb5 a6 6. Bxc6+ bxc6 7. d3 Be6 8. O-O
d5 9. Nxe5 d4 10. Nxc6 Qd7 11. Ne5 Qd6 12. Nc4 Bxc4 13. dxc4 dxc3 14. Qf3 Qb4
15. e5 cxb2 16. Qxa8+ Ke7 17. Rb1 Ke6 18. Qc6+ Kxe5 19. Bxb2+ Kf5 20. Qf3+ Ke6
21. Rfe1+ Kd7 22. Qf5+ Kd8 23. Red1+ Bd6 24. Bxf6+ Ke8 25. Qc8# 1-0

[Event "AUTO-INT-378"]
[Site "http://www.queenalice.com/game.php?id=181165"]
[Date "2007.3.13"]
[Round "1"]
[White "QueenMary23"]
[Black "Moondawg"]
[Result "0-1"]
[WhiteElo "1491"]
[BlackElo "1672"]

1. c4 e5 2. Nc3 Nf6 3. Nf3 d6 4. Qa4+ Bd7 5. Qc2 Be7 6. d4 e4 7. Ng5 Bf5 8. Be3
h6 9. Qa4+ c6 10. d5 hxg5 11. Bxg5 Nh7 12. Bxe7 Qxe7 13. e3 Bd7 14. c5 cxd5 15.
Bb5 Bxb5 16. Nxb5 Nc6 17. O-O dxc5 18. Rad1 Nf6 19. Nc3 Qc7 20. Nxd5 Qxh2# 0-1

[Event "AUTO-INT-378"]
[Site "http://www.queenalice.com/game.php?id=181166"]
[Date "2007.3.13"]
[Round "1"]
[White "Moondawg"]
[Black "QueenMary23"]
[Result "1-0"]
[WhiteElo "1702"]
[BlackElo "1460"]

1. e4 e5 2. Nf3 d6 3. Nc3 Be6 4. d4 f6 5. d5 Bf7 6. Bb5+ c6 7. dxc6 bxc6 8. Ba4
d5 9. exd5 Bd6 10. dxc6 Qc7 11. Nd5 Bxd5 12. Qxd5 Ne7 13. Qe6 Qa5+ 14. c3 Qxa4
15. Qxd6 Qe4+ 16. Be3 Nbxc6 17. O-O O-O 18. Qd2 Nd5 19. Rfe1 Qc4 20. b3 Qxc3 21.
Qxd5+ Rf7 22. Rac1 Nb4 23. Qxa8+ Rf8 24. Qxf8+ Kxf8 25. Rxc3 Nxa2 26. Rc8+ Kf7
27. Rc4 a5 28. Bd2 g5 29. Bxa5 h5 30. Ra1 g4 31. Nh4 Ke6 32. Rxa2 f5 33. Rc6+
Kd5 34. Rac2 f4 35. Nf5 g3 36. hxg3 fxg3 37. f3 h4 38. Rd6# 1-0

[Event "AUTO-INT-378"]
[Site "http://www.queenalice.com/game.php?id=181167"]
[Date "2007.3.13"]
[Round "1"]
[White "QueenMary23"]
[Black "aormic"]
[Result "0-1"]
[WhiteElo "1472"]
[BlackElo "1571"]

1. c4 Nf6 2. d4 c5 3. d5 e6 4. d6 Qb6 5. a3 Bxd6 6. Nf3 O-O 7. Nc3 Be7 8. e4 Nc6
9. Be3 d6 10. Na4 Qc7 11. Be2 Nxe4 12. O-O b6 13. Bd3 Nf6 14. Qc2 Bb7 15. Ng5 h6
16. Nh7 Rfd8 17. Nxf6+ Bxf6 18. Rad1 Nd4 19. Bxd4 Bxd4 20. Bh7+ Kh8 21. Rd3 d5
22. Rg3 Be5 23. Qd3 dxc4 24. Qe3 Kxh7 25. Rc1 Bxg3 26. fxg3 Qc6 27. Rc2 Rd1+ 28.
Kf2 Qxg2# 0-1

[Event "AUTO-INT-378"]
[Site "http://www.queenalice.com/game.php?id=181168"]
[Date "2007.3.13"]
[Round "1"]
[White "aormic"]
[Black "QueenMary23"]
[Result "1-0"]
[WhiteElo "1583"]
[BlackElo "1433"]

1. d4 d5 2. c4 Nf6 3. cxd5 Qxd5 4. Nc3 Qa5 5. Nf3 Nd5 6. Bd2 c5 7. Nxd5 Qd8 8.
e4 e6 9. Bb5+ Nd7 10. Nc3 a6 11. Be2 Qb6 12. d5 e5 13. O-O Qxb2 14. Rb1 Qa3 15.
Rb3 Qa5 16. Qc2 Nb6 17. Nd1 Qa4 18. Nb2 Qxa2 19. Rxb6 Be7 20. Bc4 Qa3 21. Rb3
Qa2 22. Rd3 Qxb2 23. Qxb2 h5 24. Qxe5 b5 25. d6 Ra7 26. Qxg7 Rf8 27. dxe7 Rxe7
28. Bh6 bxc4 29. Qxf8# 1-0

[Event "Challenge"]
[Site "http://www.queenalice.com/game.php?id=185992"]
[Date "2007.3.22"]
[Round "-"]
[White "Tlaloc2k"]
[Black "QueenMary23"]
[Result "1-0"]
[WhiteElo "1578"]
[BlackElo "1444"]

1. e4 e5 2. Nc3 Bc5 3. Qf3 Nf6 4. d3 O-O 5. Bg5 Nc6 6. Bxf6 gxf6 7. a3 Ne7 8.
Nge2 Ng6 9. Nd5 Be7 10. d4 c6 11. Ne3 Qa5+ 12. c3 b5 13. b4 Qa4 14. g3 Qb3 15.
Bg2 exd4 16. Ng4 d6 17. O-O c5 18. e5 Bxg4 19. Qxg4 dxc3 20. Bxa8 Rxa8 21. f4 c2
22. f5 Qe3+ 23. Kg2 fxe5 24. fxg6 fxg6 25. Qe6+ Kh8 26. Qxe7 Qxe2+ 27. Kg1 Qc4
28. Rf8+ Rxf8 29. Qxf8+ Qg8 30. Qxg8+ Kxg8 31. bxc5 dxc5 32. Rc1 a5 33. Rxc2 c4
34. Re2 b4 35. axb4 axb4 36. Re4 h5 37. Rxc4 b3 38. Rb4 Kf7 39. Rxb3 Kf6 40. Kf2
g5 41. Rf3+ Ke6 42. h4 g4 43. Rb3 e4 44. Rb8 Kd5 45. Rh8 Kd4 46. Rxh5 e3+ 47.
Ke2 Ke4 48. Rg5 Kd4 49. Rxg4+ Ke5 50. h5 Kf6 51. h6 Ke5 52. h7 Kf5 53. Rg8 Ke5
54. h8=Q+ Kd5 55. Rg4 Kd6 56. Qh5 Ke6 57. Rg6+ Kf7 58. Qh7+ Kf8 59. Rg8# 1-0

[Event "Challenge"]
[Site "http://www.queenalice.com/game.php?id=185993"]
[Date "2007.3.22"]
[Round "-"]
[White "QueenMary23"]
[Black "Tlaloc2k"]
[Result "0-1"]
[WhiteElo "1482"]
[BlackElo "1575"]

1. d4 d5 2. e3 Nf6 3. Nf3 Bg4 4. h3 Bd7 5. Ne5 e6 6. c4 dxc4 7. Bxc4 Bd6 8. f4
O-O 9. g4 Bxe5 10. dxe5 Ne4 11. Qf3 Qh4+ 12. Kf1 Ng3+ 13. Kg2 Bc6 14. Nd2 Bxf3+
15. Nxf3 Qe7 16. Kxg3 Nd7 17. Ng5 h6 18. Nf3 Qb4 19. b3 Nc5 20. a3 Qc3 21. Bd2
Ne4+ 22. Kg2 Nxd2 23. Nxd2 Qxd2+ 24. Kf3 Qd7 25. a4 a6 26. Rhd1 Qe7 27. g5 hxg5
28. Kg4 Qc5 29. Rd3 g6 30. Re1 b5 31. axb5 axb5 32. Bxe6 fxe6 33. Rf1 Qc2 34.
Kxg5 Qxd3 35. Rc1 Qxe3 36. Rxc7 Qg3+ 37. Kh6 Rf7 38. Rxf7 Kxf7 39. f5 Rh8# 0-1

[Event "?Vamos a jugar? "]
[Site "http://www.queenalice.com/game.php?id=189593"]
[Date "2007.3.30"]
[Round "-"]
[White "QueenMary23"]
[Black "hamid1"]
[Result "0-1"]
[WhiteElo "1417"]
[BlackElo "1461"]

1. c4 c5 2. Nc3 Nc6 3. d3 e5 4. e4 d6 5. Nd5 Be6 6. Qf3 Be7 7. Bd2 Bxd5 8. exd5
Nd4 9. Qg4 g6 10. a4 Nc2+ 11. Kd1 Nxa1 12. f4 Nh6 13. Qh3 Nf5 14. g4 Nd4 15.
fxe5 Qb6 16. Bc1 Qb3+ 17. Kd2 Qc2+ 18. Ke3 Qxc1+ 19. Kf2 dxe5 20. Ne2 Qxb2 0-1

[Event "Challenge"]
[Site "http://www.queenalice.com/game.php?id=189602"]
[Date "2007.3.30"]
[Round "-"]
[White "dezza"]
[Black "QueenMary23"]
[Result "0-1"]
[WhiteElo "999"]
[BlackElo "1470"]

1. h4 c5 2. e4 Nf6 3. Rh3 Nxe4 4. c3 d5 5. Qc2 Bxh3 6. gxh3 e5 7. Qa4+ Qd7 8.
Qxd7+ Nxd7 9. h5 Be7 10. Kd1 Nxf2+ 0-1